The creatively gifted : recognizing and developing the creative personality /

Bibliographic Details
Main Author: Willings, David Richard
Format: Book
Language:English
Published: Cambridge [Cambridgeshire] : Woodhead-Faulkner, 1980.
Subjects:

MARC

Tag First Indicator Second Indicator Subfields
LEADER 00000cam a2200000 a 4500
001 in00000088476
005 20151008065058.0
008 820322s1980 enk b 00110 eng
010 |a  80146875  
015 |a GB80-22843 
020 |a 0859411206 :  |c 9.25 
035 |a (OCoLC)06947702 
035 |9 AAK5315AM 
039 0 |a 2  |b 3  |c 3  |d 3  |e 3 
040 |a DLC  |c DLC  |d TXA  |d UtOrBLW 
049 |a TXAM  |c [1561200] 
050 0 0 |a LC3993.2  |b .W54 
082 0 |a 153.3/5  |2 19 
100 1 |a Willings, David Richard. 
245 1 4 |a The creatively gifted :  |b recognizing and developing the creative personality /  |c David Willings. 
264 1 |a Cambridge [Cambridgeshire] :  |b Woodhead-Faulkner,  |c 1980. 
300 |a 184 pages ;  |c 23 cm. 
336 |a text  |b txt  |2 rdacontent 
337 |a unmediated  |b n  |2 rdamedia 
338 |a volume  |b nc  |2 rdacarrier 
500 |a Includes index. 
504 |a Bibliography: pages 175-181. 
650 0 |a Gifted children  |x Education. 
650 0 |a Creative thinking. 
999 |a MARS 
999 f f |s da597262-41f5-3686-9d4c-2f2e68c5bff3  |i 80426b96-5cd8-3d5c-bccc-1571ba1753fe  |t 0 
952 f f |p normal  |a Texas A&M University  |b College Station  |c Sterling C. Evans Library  |d Evans: Library Stacks  |t 0  |e LC3993.2 .W54  |h Library of Congress classification  |i unmediated -- volume  |m A14806164118 
998 f f |a LC3993.2 .W54  |t 0  |l Evans: Library Stacks